• 首页
  • 本馆介绍
  • 公告通知
  • 最新文献
  • 馆藏检索
  • 电子资源
  • 读者导购
  • 参考咨询
  • 我的图书馆
  • 登录
  • 详细信息显示
  • 放入我的书架
  • 预约/预借图书
  • 作者相关作品
  • 分类相关作品
  • 丛书相关作品
  • 出版社相关作品

书目信息

  • 表格格式
  • 工作单格式
  • 卡片格式
题名:
统一大业
    
 
作者: 郭晨 著
分册: 上  
出版信息: 成都   天地出版社  2016.02
页数: 512页
开本: 24cm
丛书名:
单 册:
中图分类: I253.1
科图分类:
主题词: 纪实文学--中国--当代
电子资源:
ISBN: 978-7-5455-1738-5
000 01090nam0 2200253 450
001 0120161749668
005 20170911083853.59
010    @a978-7-5455-1738-5@dCNY44.00,CNY88.00(全2册)
100    @a20160114d2016 em y0chiy50 ea
101 0  @achi
102    @aCN@b510000
105    @aa z 000zy
106    @ar
200 1  @a统一大业@9tong yi da ye@e台海交锋六十年全景纪实@h上@f郭晨[著]
210    @a成都@c天地出版社@d2016.02
215    @a512页@c图,照片@d24cm
330    @a本书是全景式描述海峡两岸关系的大型纪实性文学作品,既再现了“炮轰金门”“九二共识”“汪辜会谈”等台海关系史上的重大事件,也描写了两岸关系发展中一些普通人物的事迹,涉及人物众多,线索复杂,内容精彩纷呈。全书紧扣两岸民众所关心的和平统一话题,从六十多年来的台海风云变幻着笔,揭示出两岸关系终究将走向“统一大业”的终极命题。
333    @a文学爱好者
517 1  @a台海交锋六十年全景纪实@9tai hai jiao feng liu shi nian quan jing ji shi
606 0  @a纪实文学@y中国@z当代
690    @aI253.1@v5
701  0 @a郭晨@9guo chen@f(1940-)@4著
801  0 @aCN@b人天书店@c20160114
905    @b1074686-91@dI253.1@e1002:1@f6
    
    统一大业:台海交锋六十年全景纪实.上/郭晨[著].-成都:天地出版社,2016.02
    512页:图,照片;24cm
    使用对象:文学爱好者
    
    ISBN 978-7-5455-1738-5:CNY44.00,CNY88.00(全2册)
    本书是全景式描述海峡两岸关系的大型纪实性文学作品,既再现了“炮轰金门”“九二共识”“汪辜会谈”等台海关系史上的重大事件,也描写了两岸关系发展中一些普通人物的事迹,涉及人物众多,线索复杂,内容精彩纷呈。全书紧扣两岸民众所关心的和平统一话题,从六十多年来的台海风云变幻着笔,揭示出两岸关系终究将走向“统一大业”的终极命题。
●
相关链接 在E读中查询图书 在五车中查询图书 在当当中查询图书 在豆瓣中查询图书


正题名:统一大业     索取号:I253.1/1002:1         预约/预借

序号 登录号 条形码 馆藏地/架位号 状态 备注
1 1074686   210746861   第一样本阅览室/ [索取号:I253.1/1002:1] 在馆    
2 1074687   210746870   第二借阅区/ [索取号:I253.1/1002:1] 在馆    
3 1074688   210746889   第二借阅区/ [索取号:I253.1/1002:1] 在馆    
4 1074689   210746898   密集书库-文学院/ [索取号:I253.1/1002:1] 在馆    
5 1074690   210746905   第二借阅区/ [索取号:I253.1/1002:1] 在馆    
6 1074691   210746914   第二借阅区/ [索取号:I253.1/1002:1] 在馆    
唐山师范学院图书馆 欢迎您!
大连网信软件有限公司© 版权所有